000 00356nam a22001457a 4500
020 _a0-13-211616-2
082 _a621.3815 TOC
100 _aTOCCI, RONALD.J
_966452
245 _aDIGITAL SYSTEMS, PRINCIPLE AND APPLICATIONS
250 _a4TH
260 _aUSA
_bPRENTICE HALL
_c1988
300 _a810P
650 _aDIGITAL CIRCUITS
_957202
942 _cBK
999 _c574423
_d574423